Library Banner

Tehzeebon ka tasadum aur alami nizam ki tashkil e nau(urdu)/ (Record no. 103257)

MARC details
000 -LEADER
fixed length control field 00478nam a22001577a 4500
005 - DATE AND TIME OF LATEST TRANSACTION
control field 20180215120424.0
008 - FIXED-LENGTH DATA ELEMENTS--GENERAL INFORMATION
fixed length control field 180215b xxu||||| |||| 00| 0 eng d
020 ## - INTERNATIONAL STANDARD BOOK NUMBER
International Standard Book Number 0195798961
040 ## - CATALOGING SOURCE
Transcribing agency PK-LaUMT
082 ## - DEWEY DECIMAL CLASSIFICATION NUMBER
Classification number PKAC 291.177
Item number SEM-T
100 ## - MAIN ENTRY--PERSONAL NAME
Personal name Semuel P Huntington
245 ## - TITLE STATEMENT
Title Tehzeebon ka tasadum aur alami nizam ki tashkil e nau(urdu)/
Statement of responsibility, etc Semuel P Huntington
260 ## - PUBLICATION, DISTRIBUTION, ETC. (IMPRINT)
Place of publication, distribution, etc کراچی:
Name of publisher, distributor, etc اوکسفرڈ یونیورسٹی پریس
Date of publication, distribution, etc 1997
300 ## - PHYSICAL DESCRIPTION
Extent 475
942 ## - ADDED ENTRY ELEMENTS (KOHA)
Koha item type Books
Holdings
Withdrawn status Lost status Damaged status Home library Current library Date acquired Full call number Barcode Date last seen Price effective from Koha item type
      UMT Main Campus UMT Main Campus 2018-02-15 PKAC 291.177 SEM-T 119462 2018-02-15 2018-02-15 Books